00298nam a22001217a 4500003000400000008004100004020001500045082002300060245003000083260004000113300001300153650001000166OSt240129b2006 |||||||| |||| 00| 0 eng d a8187890045 a364.13230954bBES- aThe Best of tehelka two / aNew Delhi :bBuffalo Books ,c2006. a415 p. ; aIndia